| 000 | 00854nam a22002297a 4500 | ||
|---|---|---|---|
| 003 | 0 | ||
| 005 | 20251111143544.0 | ||
| 008 | 251111b xxu||||| |||| 00| 0 eng d | ||
| 020 | _a978-0-441-17271-9 | ||
| 050 |
_aPS 3558 _b.E63 D8 2019 |
||
| 100 |
_aHerbert, Frank, _d1920-1986, _eauthor. |
||
| 245 |
_aDune _cFrank Herbert. |
||
| 260 |
_aNew York : _bACE, _c2019 |
||
| 300 |
_a884 pages ; _c20 cm. |
||
| 490 |
_aThe Dune chronicles ; _vbook 1 |
||
| 520 | _aIn a far future interstellar empire, young noble Paul Atreides travels to the desert planet Arrakis, where he becomes embroiled in political conflict, ecological struggle, and a destiny that will change the universe. | ||
| 650 | _aScience fiction. | ||
| 650 |
_aInterplanetary voyages _vFiction. |
||
| 650 | _aPolitical fiction. | ||
| 830 |
_aDune chronicles ; _sbk. 1. |
||
| 942 |
_2lcc _cBK |
||
| 999 |
_c368581 _d368581 |
||